000 00327nam a22001457a 4500
005 20181217085227.0
008 181217b xxu||||| |||| 00| 0 eng d
020 _a0521098939
041 _aeng
080 _a510
100 _a36
101 _aMAT
245 _aPartial Differential Equations
_cCopson,E.T
942 _2udc
_cBK
999 _c53308
_d53308